Statistics for Departments of Benin Map Quiz

Click here to take the quiz!

General Stats

  • This quiz has been taken 23 times
  • The average score is 6 of 12

Answers on the Map

Answers color-coded by a green-red scale on the quiz's map according to % correct below.
 

Answer Stats

Answer% Correct
Atakora
92%
Alibori
83%
Atlantique
58%
Collines
58%
Littoral
50%
Zou
50%
Mono
42%
Ouémé
42%
Plateau
42%
Borgou
33%
Donga
33%
Kouffo
25%

Score Distribution

Percentile by Number Answered

Percent of People with Each Score

Your Score History

You have not taken this quiz